Ministros de Dios, ministros del pueblo : testimonio de 3 sacerdotes en el gobierno revolucionario de Nicaragua /

Guardat en:
Dades bibliogràfiques
Autor principal: Cabestrero, Teófilo (autor)
Format: Llibre
Idioma:espanyol
Publicat: Managua, Nicaragua : Ministerio de Cultura, 1985, c1985
Etiquetes: Afegir etiqueta
Sense etiquetes, Sigues el primer a etiquetar aquest registre!

MARC

LEADER 00000nam^a2200000^a^4500
001 000587921
005 20250521000000.0
009 20260310132818.871
037 |a Acervo ITESO - Biblioteca 
041 |a ESP 
091 |a FCR. 00194 
100 |a Cabestrero, Teófilo  |e (autor) 
245 1 0 |a Ministros de Dios, ministros del pueblo :  |b testimonio de 3 sacerdotes en el gobierno revolucionario de Nicaragua / 
264 4 |a Managua, Nicaragua :  |b Ministerio de Cultura,  |c 1985, c1985 
300 |a 165 p. 
336 |a texto  |b txt  |2 rdacontenido 
337 |a sin mediación  |b n  |2 rdamedio 
338 |a volumen  |b nc  |2 rdasoporte 
649 |a XX 
910 |a Fondo Cristina Romo Gil 
920 |a Impresos - Libros 
930 |a Fondos Especiales 
905 |a 143 
901 |a 0900117557  |b IT2  |c ESP  |i D123211  |u 20250521 
902 |a https://opac.biblio.iteso.mx/vufind/Record/000587921